[Event "GER-ch33 fin email"]
[Site "GER email"]
[Date "2007.??.??"]
[Round "?"]
[White "Haumann, Jochen"]
[Black "Koch, Hans Georg"]
[Result "1/2-1/2"]
[WhiteElo "2211"]
[BlackElo "2085"]
[PlyCount "67"]
[EventDate "2007.??.??"]
[EventType "tourn (corr)"]
[EventRounds "10"]
[EventCountry "GER"]
[SourceTitle "Corr 2008"]
[Source "ChessBase"]
[SourceDate "2008.06.24"]
[SourceVersion "1"]
[SourceVersionDate "2008.06.24"]
[SourceQuality "1"]

1. d4 Nf6 2. c4 g6 3. Nc3 Bg7 4. e4 d6 5. Nf3 0-0 6. Be2 e5 7. 0-0 Nc6 8. d5 Ne7 9. Ne1 Nd7 10. Be3 f5 11. f3 f4 12. Bf2 g5 13. Rc1 Ng6 14. c5 Nxc5 15. b4 Na6 16. Nb5 Bd7 17. a4 Nxb4 18. Nxc7 Rc8 19. Nb5 Bxb5 20. axb5 Rxc1 21. Qxc1 Qa5 22. Nd3 Nxd3 23. Bxd3 h5 24. Qa1 Qxa1 25. Rxa1 Ra8 26. Rxa7 Rxa7 27. Bxa7 Kf7 28. Bb6 Bf6 29. g3 Ke8 30. Bf1 Bd8 31. Bf2 h4 32. gxf4 exf4 33. Kg2 Ne5 34. Be2 1/2-1/2

[Event "GER-ch33 fin email"]
[Site "GER email"]
[Date "2007.??.??"]
[Round "?"]
[White "Haumann, Jochen"]
[Black "Winkler, Uwe"]
[Result "1-0"]
[WhiteElo "2211"]
[BlackElo "2013"]
[PlyCount "65"]
[EventDate "2007.??.??"]
[EventType "tourn (corr)"]
[EventRounds "10"]
[EventCountry "GER"]
[SourceTitle "Corr 2008"]
[Source "ChessBase"]
[SourceDate "2008.06.24"]
[SourceVersion "1"]
[SourceVersionDate "2008.06.24"]
[SourceQuality "1"]

1. d4 Nf6 2. c4 e6 3. Nf3 b6 4. g3 Ba6 5. b3 Bb4+ 6. Bd2 Be7 7. Bg2 c6 8. Bc3 d5 9. Ne5 Nfd7 10. Nxd7 Nxd7 11. Nd2 0-0 12. 0-0 Rc8 13. e4 b5 14. Re1 bxc4 15. bxc4 dxc4 16. Qa4 Bb5 17. Qc2 Re8 18. a4 Ba6 19. a5 Nf6 20. Rad1 Bf8 21. Nf3 Rb8 22. Ne5 Qc7 23. Bf1 Red8 24. Bxc4 Bxc4 25. Nxc4 Qc8 26. Kg2 Rb5 27. f3 Be7 28. Rd3 h5 29. h4 Qb7 30. Rc1 Rc8 31. Qe2 Ne8 32. Bd2 Rb2 33. Nxb2 1-0